000 00348nam a2200145Ia 4500
001 R-91
003 CODICE-MESSINA
005 20260212102446.0
008 260211s9999 xx 000 0 und d
040 _cimportazione_messina
100 _aLeone Tolstoi
245 0 _aResurrezione
260 _bBiblioteca Unioversale Rizzoli
942 _2ddc
_cBK
999 _c26572
_d26572